Zhodnotenie ekonomickej efektívnosti v konkrétnom podniku diplomová práca

Gespeichert in:
Bibliographische Detailangaben
1. Verfasser: Polomská, Žaneta
Körperschaft: Podnikovohospodárska fakulta EU so sídlom v Košiciach. Katedra finančného riadenia podniku
Weitere Verfasser: Freňáková, Magdaléna, 1981-
Format: Buch
Sprache:Slowakisch
Veröffentlicht: Košice 2017
Tags: Tag hinzufügen
Keine Tags, Fügen Sie das erste Tag hinzu!

MARC

LEADER 00000nbm a2200000 4500
001 0231485
005 20171121101211.8
041 0 |a slo 
044 |a SK 
245 1 0 |a Zhodnotenie ekonomickej efektívnosti v konkrétnom podniku  |b diplomová práca  |c Žaneta Polomská ; školiteľ: Magdaléna Freňáková 
264 1 |a Košice  |c 2017 
300 |a 85 s. 
100 1 |a Polomská, Žaneta 
700 1 |a Freňáková, Magdaléna, 1981- 
710 2 |a Podnikovohospodárska fakulta EU so sídlom v Košiciach. Katedra finančného riadenia podniku